Central Library OPAC University of Rajshahi

সংযোগের সন্ধানে লোকসংস্কৃতি / (Record no. 27051)

MARC details
000 -LEADER
fixed length control field 01108nam a2200265 a 4500
001 - CONTROL NUMBER
control field 27051
003 - CONTROL NUMBER IDENTIFIER
rucl marc code BD-RjUL
005 - DATE AND TIME OF LATEST TRANSACTION
control field 20211209051115.0
008 - FIXED-LENGTH DATA ELEMENTS--GENERAL INFORMATION
fixed length control field 160806s2002 ii 001 0 ben
035 ## - SYSTEM CONTROL NUMBER
System control number (BD-RjUL)27122
040 ## - CATALOGING SOURCE
Original cataloging agency DLC
Transcribing agency CarP
Modifying agency DLC
-- BD-RjUL
Language of cataloging eng
041 ## - LANGUAGE CODE
Language code of text/sound track or separate title eng
082 ## - DEWEY DECIMAL CLASSIFICATION NUMBER
Classification number 398
Author mark and year GUS 2002
Edition number 23
100 ## - MAIN ENTRY--PERSONAL NAME
Personal name গুপ্ত, ক্ষেত্র
9 (RLIN) 142866
245 10 - TITLE STATEMENT
Title সংযোগের সন্ধানে লোকসংস্কৃতি /
Statement of responsibility, etc. ক্ষেত্র গুপ্ত
250 ## - EDITION STATEMENT
Edition statement ২য় সং.
260 ## - PUBLICATION, DISTRIBUTION, ETC. (IMPRINT)
Place of publication, distribution, etc. কলকাতা :
Name of publisher, distributor, etc. পুস্তক বিপনী,
Date of publication, distribution, etc. ২০০২
300 ## - PHYSICAL DESCRIPTION
Pagination ১২২ পৃ. :
Illustrations চিত্র ;
Size ১৬ সেমি.
490 ## - SERIES STATEMENT
Series statement লোকসংস্কৃতি গবেষণা গ্রন্থমালা :
Volume/sequential designation
500 ## - GENERAL NOTE
General note নির্ঘন্ট সংযুক্ত
650 ## - SUBJECT ADDED ENTRY--TOPICAL TERM
Topical term or geographic name as entry element লোকাচারবিদ্যা
9 (RLIN) 142867
Topical term or geographic name as entry element Folklore
9 (RLIN) 142868
830 ## - SERIES ADDED ENTRY--UNIFORM TITLE
Uniform title লোকসংস্কৃতি গবেষণা গ্রন্থমালা :
Volume number/sequential designation
942 ## - ADDED ENTRY ELEMENTS (KOHA)
Source of classification or shelving scheme Dewey Decimal Classification
Koha item type Books
Holdings
Lost status Source of classification or shelving scheme Damaged status Not for loan Collection code Permanent Location Current Location Shelving location Date acquired Source of acquisition Cost, normal purchase price Total Checkouts Full call number Date last seen Copy number Koha item type Date checked out
  Dewey Decimal Classification     Non-fiction Central Library, University of Rajshahi Central Library, University of Rajshahi   07/01/2008 Paragon Enterprises Dhaka 45.00   B 398 GUS 2002 06/08/2016 C-2 Books  
  Dewey Decimal Classification     Non-fiction Central Library, University of Rajshahi Central Library, University of Rajshahi   07/01/2008 Paragon Enterprises Dhaka 45.00   B 398 GUS 2002 06/08/2016 C-3 Books  
  Dewey Decimal Classification     Non-fiction Central Library, University of Rajshahi Central Library, University of Rajshahi   07/01/2008 Paragon Enterprises Dhaka 45.00   B 398 GUS 2002 06/08/2016 C-4 Books  
  Dewey Decimal Classification     Non-fiction Central Library, University of Rajshahi Central Library, University of Rajshahi   07/01/2008 Paragon Enterprises Dhaka 45.00 1 B 398 GUS 2002 11/11/2018 C-5 Books 25/10/2018